000 00470nam a2200133Ia 4500
008 231221s9999 xx 000 0 und d
041 _aEnglish
100 _aBanerjee Arindam
245 0 _aMid west retail consumer finance services (B) :sarah Jablonski's Dilemma IIMA/MARO338(B)
260 _c2000
_bIndian institute of Management
_aAhmedebad
300 _a11
650 _aMild,west,retail,consumer,finance,(B),:sarah,Jablonski's,Dilemma,IIMA/MARO338(B
942 _cCS
999 _c209655
_d209655